LIBRARY & INFORMATION CENTRE, KCAET, TAVANUR

ONLINE PUBLIC ACCESS CATALOGUE (OPAC)

Introduction to Agricultural Economics and Agribusiness Management (Record no. 14378)

MARC details
000 -LEADER
fixed length control field 00428nam a22001577a 4500
020 ## - INTERNATIONAL STANDARD BOOK NUMBER
ISBN 9788180522000
082 ## - DEWEY DECIMAL CLASSIFICATION NUMBER
Classification number 630.33
Item number TAL/IN
100 ## - MAIN ENTRY--AUTHOR NAME
Personal name Talathi,J.M.
100 ## - MAIN ENTRY--AUTHOR NAME
Personal name Naik,V.G
100 ## - MAIN ENTRY--AUTHOR NAME
Personal name Jalgaonkar,V.N
245 ## - TITLE STATEMENT
Title Introduction to Agricultural Economics and Agribusiness Management
260 ## - PUBLICATION, DISTRIBUTION, ETC. (IMPRINT)
Place of publication New Delhi
Name of publisher Ane Books Pvt.Ltd.
Year of publication 2011
300 ## - PHYSICAL DESCRIPTION
Number of Pages 164
500 ## - GENERAL NOTE
General note Ane's student Edition
942 ## - ADDED ENTRY ELEMENTS (KOHA)
Koha item type Books
Holdings
Withdrawn status Lost status Damaged status Collection code Home library Current library Shelving location Date acquired Source of acquisition Cost, normal purchase price Full call number Accession Number Koha item type
        KAUAET KAUAET General Stacks 25/06/2016 Cosmo Book House, Thrissur. 195.00 630.33 TAL/IN 23985 Books
        KAUAET KAUAET General Stacks 25/06/2016 Cosmo Book House, Thrissur. 195.00 630.33 TAL/IN 23986 Books
        KAUAET KAUAET General Stacks 25/06/2016 Cosmo Book House, Thrissur. 195.00 630.33 TAL/IN 23987 Books
free website counter